| 000 | 00566nam a2200193 a 4500 | ||
|---|---|---|---|
| 005 | 20240924065041.0 | ||
| 008 | 991125s1968 mx 000 0 spa u | ||
| 035 | _aUPN01000056491 | ||
| 049 | _aCG | ||
| 050 | 4 |
_aLB1513 _bH4.3 |
|
| 100 | 1 |
_aHernández Ruiz, Santiago, _d1901-1988 _928897 |
|
| 245 | 1 | 3 |
_aEl tercer grado de enseñanza primaria / _cSantiago Hernández Ruiz. |
| 260 |
_aMéxico : _bFernández, _c1968. |
||
| 300 | _a276 p. | ||
| 440 | 0 | _aEnsayos pedagógicos | |
| 650 | 4 |
_aEducación primaria _zMéxico _94838 |
|
| 905 | _aLibro | ||
| 999 |
_c56491 _d56491 |
||